The Essentail handbook of (Record no. 115968)

MARC details
000 -LEADER
fixed length control field 00762nam a2200229 a 4500
008 - FIXED-LENGTH DATA ELEMENTS--GENERAL INFORMATION
fixed length control field
020 ## - INTERNATIONAL STANDARD BOOK NUMBER
International Standard Book Number 0470862963 (pbk.)
049 ## - LOCAL HOLDINGS (OCLC)
Holding library MAIN
090 ## - LOCALLY ASSIGNED LC-TYPE CALL NUMBER (OCLC); LOCAL CALL NUMBER (RLIN)
Classification number (OCLC) (R) ; Classification number, CALL (RLIN) (NR) RC565.I53425
Local cutter number (OCLC) ; Book number/undivided call number, CALL (RLIN) ESS
003 - CONTROL NUMBER IDENTIFIER
control field
005 - DATE AND TIME OF LATEST TRANSACTION
control field 20230120204032.0
040 ## - CATALOGING SOURCE
Transcribing agency NUST
245 #4 - TITLE STATEMENT
Title The Essentail handbook of
Remainder of title treatment and prevention of alchol problems/
Statement of responsibility, etc. edited by Nick Heather and Tim Stockwell
260 ## - PUBLICATION, DISTRIBUTION, ETC.
Place of publication, distribution, etc. Chichester :
Name of publisher, distributor, etc. John Wiley & Sons Ltd.,
Date of publication, distribution, etc. 2004
300 ## - PHYSICAL DESCRIPTION
Extent vi, 380 p. :
Other physical details ill. ;
Dimensions 24 cm
504 ## - BIBLIOGRAPHY, ETC. NOTE
Bibliography, etc. note Includes bibliographical references.
650 #1 - SUBJECT ADDED ENTRY--TOPICAL TERM
Topical term or geographic name entry element Alcoholism-treatment
Form subdivision handbooks
-- manuals.
700 ## - ADDED ENTRY--PERSONAL NAME
Personal name Stockwell, Tim.
700 ## - ADDED ENTRY--PERSONAL NAME
Personal name Heather, Nick.
907 ## - LOCAL DATA ELEMENT G, LDG (RLIN)
a .b10286810
b 10-01-11
c 09-11-10
942 ## - ADDED ENTRY ELEMENTS (KOHA)
Koha item type Ordinary Loan Books
Call number prefix RC565.I53425
Call number suffix ESS
Holdings
Date last seen Total Checkouts Full call number Barcode Cost, replacement price Price effective from Koha item type Lost status Source of classification or shelving scheme Damaged status Not for loan Collection Withdrawn status Home library Current library Shelving location Date acquired Cost, normal purchase price
01/20/2023   RC565.I53425 ESS 92004015252 80.00 01/20/2023 BOOKS   LCC     NFIC   Medical Medical GEN 01/20/2023 80.00